Magnum bullarium romanum, seu ejusdem continuatio, quae supplementi loco sit, tum huicce, tum aliis quae praecesserunt editionibus, romanae, & lugdunensi. Accedunt, prout editione romanâ, eorum pontificum vitae, quorum bullae hi[n]c recens prodeunt, appendices insuper suis quique locis assignati. Cum rubricis, summariis, scholis, et indicibus. Juxta exemplar Romae ex typographia Reverendae Camerae Apostolicae

Detalles Bibliográficos
Otros Autores: Pelissari, ed
Formato: Libro
Lenguaje:Latin
Publicado: Luxemburgi : sumptibus Pelissari & soc. bibliopol. & typograph., 1739.
Materias:
Colección:Banco de datos
Acervo:Seminario Conciliar de Nuestra Señora de Guadalupe Querétaro. Qro.. Biblioteca Florencio Rosas. Fondo Reservado
Descripción Física:13 t. ; f°
Tema general:Derecho eclesiástico
Pontífices
Notas:Portada a dos tintas con empresa tipográfica del editor y pleca en grabado xilográfico (4014). Portada tipográfica a dos tintas con grabado central calcográfico y pleca en grabado xilográfico (4015). Texto a dos columnas con marco en grabado xilográfico, paginación en números arábigos, cornisas, apostillas marginales, titulillos, signaturas y reclamos. Cada tomo con portada y paginación propias. Los t. 11-12 publicados en 1739. Paginación: t. 11 XII, 634 p.; t. 12 XI, 636 p., [1] h. Incluyen cabeceras de título historiadas, letras capitulares y viñetas finales con motivos arabescos y florales en grabado xilográfico. Encuadernación en pergamino sobre cartón (4014-4015). Daños de humedad (4014-4015)
LEADER 02217nam a22002170004500
035 |a 1952 
041 0 |a lat 
245 1 0 |a Magnum bullarium romanum, seu ejusdem continuatio, quae supplementi loco sit, tum huicce, tum aliis quae praecesserunt editionibus, romanae, & lugdunensi. Accedunt, prout editione romanâ, eorum pontificum vitae, quorum bullae hi[n]c recens prodeunt, appendices insuper suis quique locis assignati. Cum rubricis, summariis, scholis, et indicibus. Juxta exemplar Romae ex typographia Reverendae Camerae Apostolicae  
260 |a Luxemburgi : sumptibus Pelissari & soc. bibliopol. & typograph., 1739.  
300 |a 13 t. ; f° 
500 |a Portada a dos tintas con empresa tipográfica del editor y pleca en grabado xilográfico (4014). Portada tipográfica a dos tintas con grabado central calcográfico y pleca en grabado xilográfico (4015). Texto a dos columnas con marco en grabado xilográfico, paginación en números arábigos, cornisas, apostillas marginales, titulillos, signaturas y reclamos. Cada tomo con portada y paginación propias. Los t. 11-12 publicados en 1739. Paginación: t. 11 XII, 634 p.; t. 12 XI, 636 p., [1] h. Incluyen cabeceras de título historiadas, letras capitulares y viñetas finales con motivos arabescos y florales en grabado xilográfico. Encuadernación en pergamino sobre cartón (4014-4015). Daños de humedad (4014-4015) 
504 |a Al principio de cada tomo está el índice de contenido. Al final de cada tomo está el índice de cosas notables  
504 |a La obra consta de 13 tomos; sin embargo, como se trata de la continuación de los 8 tomos del Magnum bullarium romanum el primer tomo se ha numerado como t. 9 y así sucesivamente 
505 0 0 |a t. 11 Pars quinta, complectens constitutiones à Clemente X & Innocentio XI editas.-- t. 12 Complectens constitutiones ab Alexandro VIII, Innocentio XII & Clemente XI editas 
650 1 0 |a Derecho eclesiástico 
650 1 0 |a Pontífices 
700 1 |a Pelissari, ed.  
949 |a Fondo Reservado: t. 11 (4014); t. 12 (4015) 
942 |c QUER-RES 
943 |g Seminario Conciliar de Nuestra Señora de Guadalupe Querétaro. Qro.. Biblioteca Florencio Rosas. Fondo Reservado 
999 |c 1109616  |d 1109616